00496nam a2200193 a 4500001001300000003000900013005001700022008004100039020002200080082001700102100002300119245002700142260002500169300000900194500003500203505001700238650002400255700002300279nice12345678IN_TiNIC20260116013300.0050524s1999 dela grp 000 0 eng  a8172143 c6500a230.046bTHU aThumma, Anthoniraj aVoices of the Victims. aDelhi bISPCK c1999 a123p aincludes index and biblioraphy2 aBibliography aLiberation-Theology1 aThumma, Anthoniraj